Score 0/11 Timer 01:30
2 Plays Today
% Correct
London
97.2%
Lisbon
95.2%
Luxembourg
94.4%
Lima
91.8%
La Paz
89.2%
Ljubljana
85.3%
Lomé
69.3%
Luanda
65.3%
Lilongwe
64.2%
Lusaka
61.1%
Libreville
60.1%
Remove Ads.
Support Sporcle.
Get the best of Sporcle when you Go Orange. This ad-free experience offers more features, more stats, and more fun while also helping to support Sporcle. Thank you for becoming a member.

You're not logged in!

Compare scores with friends on all Sporcle quizzes.
OR
Log In

Show Comments

Extras

Top Quizzes Today


Score Distribution

Your Account Isn't Verified!

In order to create a playlist on Sporcle, you need to verify the email address you used during registration. Go to your Sporcle Settings to finish the process.

Report this User

Report this user for behavior that violates our Community Guidelines.

Details: